| 000 | 00599nam a2200241Ia 4500 | ||
|---|---|---|---|
| 008 | 210210b2008 xxu||||| |||| 00| 0 eng d | ||
| 020 | _a9788183871563 | ||
| 041 | _aeng | ||
| 082 | _a613 KRII | ||
| 100 | _aKRISHNAMURTHY (G R) | ||
| 245 |
_aIndian health scenario _bPerspectives and dimensions |
||
| 260 |
_aNew Delhi _bSerials Publications _c2008 |
||
| 300 | _axii,350 | ||
| 650 | _ascenario | ||
| 650 | _aPerspectives | ||
| 650 | _aIndian: | ||
| 650 | _ahealth | ||
| 650 | _adimensions | ||
| 650 | _aand | ||
| 690 | _aHealth | ||
| 700 | _aSINGH (Awadhesh Kumar) | ||
| 906 | _a063951 | ||
| 999 |
_c139376 _d139376 |
||